00352nam a2200157Ia 4500003000400000005001700004008004100021040000700062041000800069082001900077245002700096260003100123365001200154650000800166650002000174OSt20230524192805.0210423s2002 xx 000 0 und d cAL aeng a340 223bCPIT aIndian trusts act 1882 bCurrent Publicationsc2002 b25cINR aLaw aSocial Sciences